| 000 | 00473cam a22001337a 4500 | ||
|---|---|---|---|
| 008 | 180718b2009 xxu||||| |||| 00| 0 eng d | ||
| 082 | _aA81x54 01/01/H | ||
| 100 | _aCensus of India 2001 | ||
| 245 | _aTable HH-4: households composition and size | ||
| 260 |
_aOffice of the Registrar General, India, Ministry of Home Affairs _b _c2009 |
||
| 300 | _a54+p. | ||
| 650 | _aHouseholds - Census - India | ||
| 700 | _aOffice of the Registrar General, India, Ministry of Home Affairs | ||
| 999 |
_c494279 _d494279 |
||